|
|
|
|
| LEADER |
02151nam a2200541 a 4500 |
| 001 |
nkc20112159780 |
| 003 |
CZ PrNK |
| 005 |
20110331103752.0 |
| 007 |
ta |
| 008 |
110121s2010 xr a e 000 0 cze |
| 015 |
|
|
|a cnb002159780
|
| 020 |
|
|
|a 978-80-87154-54-0
|q (brož.)
|
| 035 |
|
|
|a (OCoLC)707609716
|
| 040 |
|
|
|a ABA001
|b cze
|
| 041 |
0 |
|
|a cze
|b eng
|
| 072 |
|
7 |
|a 630
|x Lesnictví
|2 Konspekt
|9 24
|
| 080 |
|
|
|a 630
|2 MRF
|
| 080 |
|
|
|a 631.334
|2 MRF
|
| 080 |
|
|
|a 630.36
|2 MRF
|
| 080 |
|
|
|a (048.8)
|2 MRF
|
| 100 |
1 |
|
|a Janeček, Adolf,
|d 1943-
|7 jn20000710062
|4 aut
|
| 245 |
1 |
0 |
|a Standardy a optimalizace výrobních systémů sazečů a školkovačů v lesním hospodářství /
|c Adolf Janeček a kol.
|
| 246 |
1 |
|
|i Na obálce souběžný název:
|a Standards and optimization of the production systems of planting and transplanting machines in forestry
|
| 250 |
|
|
|a Vyd. 1.
|
| 260 |
|
|
|a Kostelec nad Černými lesy :
|b Lesnická práce,
|c 2010
|
| 300 |
|
|
|a 60 s. :
|b il. ;
|c 24 cm
|
| 490 |
1 |
|
|a Folia Forestalia Bohemica : edice původních vědeckých prací a monografií ;
|v 15
|
| 500 |
|
|
|a V tiráži uvedeni autoři: Adolf Janeček, Alois Skoupý
|
| 500 |
|
|
|a 300 výt.
|
| 504 |
|
|
|a Obsahuje bibliografii
|
| 546 |
|
|
|a Anglické resumé
|
| 650 |
0 |
7 |
|a lesní hospodářství
|7 ph115114
|2 czenas
|
| 650 |
0 |
7 |
|a sázecí stroje
|7 ph116377
|2 czenas
|
| 650 |
0 |
7 |
|a lesnické stroje
|7 ph165292
|2 czenas
|
| 650 |
0 |
9 |
|a forest management
|2 eczenas
|
| 650 |
0 |
9 |
|a planters
|2 eczenas
|
| 650 |
0 |
9 |
|a forest machines
|2 eczenas
|
| 655 |
|
7 |
|a studie
|7 fd133597
|2 czenas
|
| 655 |
|
9 |
|a studies
|2 eczenas
|
| 700 |
1 |
|
|a Skoupý, Alois
|7 mzk2004261152
|4 aut
|
| 830 |
|
0 |
|a Folia forestalia Bohemica
|0 s
|
| 856 |
4 |
1 |
|u http://www.digitalniknihovna.cz/mzk/uuid/uuid:6aba0640-5352-11e8-afec-005056827e51
|y Digitalizovaný dokument
|x NDK
|
| 910 |
2 |
|
|a BOA001
|b 2-1260.052
|
| 990 |
|
|
|a BK
|
| 995 |
|
|
|a 01
|
| 991 |
|
|
|b 201102
|c NOV
|e n
|
| 996 |
6 |
|
|b 2610462524
|c 2-1260.052
|l MZK
|r Sklad / do 1 hodiny
|n 0
|p p.v.
|w 001166575
|u 000010
|a 1
|e BOA001
|j MZK50
|s P
|
| 996 |
7 |
|
|b 2610474460
|c 2-1260.052
|l MZK
|r Sklad / do 1 hodiny
|n 0
|p p.v.
|w 001166575
|u 000020
|a 1
|e BOA001
|j MZK50
|s A
|